| 000 | 01357nam a2200349 c 4500 | ||
|---|---|---|---|
| 001 | 13161 | ||
| 003 | ES-MaCES | ||
| 005 | 20141221122228.0 | ||
| 008 | 020116s2000 sp d 000 | spa d | ||
| 017 |
_aM 50850-2000 _bDL |
||
| 035 | _aCES20020000471m | ||
| 040 |
_aES-MaCES _bspa _cES-MaCES |
||
| 110 | 2 |
_aFundación para la Formación Continua _93879 |
|
| 245 | 1 | 0 | _aMemoria de actividades 1998 de la aplicación del II ANFC [de la] Comisión Paritaria Territorial de la Comunidad Valenciana |
| 260 |
_aMadrid _bFundación para la Formación Continua (FORCEM) _c[2000] |
||
| 300 |
_a94 p. _bgráf. col. _c28 cm |
||
| 541 | _cGratuito | ||
| 610 | 2 | 4 |
_aFundación para la Formación Continua _93879 |
| 650 | 4 |
_aformación profesional permanente _929931 |
|
| 650 | 4 |
_aformación en la empresa _927452 |
|
| 650 | 4 |
_aplanificación de la formación _929959 |
|
| 650 | 4 |
_aprograma de formación _929083 |
|
| 650 | 4 |
_aValencia (Comunidad Autónoma) _930772 |
|
| 650 | 4 |
_a1998 _931169 |
|
| 650 | 4 |
_amemoria anual _928977 |
|
| 650 | 4 |
_ainforme de actividades _928984 |
|
| 653 | 1 | 0 | _aEducación |
| 787 | 0 |
_tMemoria 1997 de la aplicación del II ANFC [de la] Comisión Paritaria Territorial de la Comunidad Autónoma de Valencia _w(ES-MaCES)11019 |
|
| 902 | _aLIB Libro | ||
| 942 |
_2CES _cBK _h4.0. |
||
| 999 |
_c13161 _d13161 |
||